| 000 -LEADER |
| fixed length control field |
00722nam a2200253Ia 4500 |
| 001 - CONTROL NUMBER |
| control field |
11066 |
| 003 - CONTROL NUMBER IDENTIFIER |
| control field |
GE_BSU |
| 008 - FIXED-LENGTH DATA ELEMENTS--GENERAL INFORMATION |
| fixed length control field |
181216s||||||||xx |||||||||||||| ||und|| |
| 020 ## - INTERNATIONAL STANDARD BOOK NUMBER |
| International Standard Book Number |
9780273778035 |
| 040 ## - CATALOGING SOURCE |
| Transcribing agency |
GE_BSU |
| 080 ## - UNIVERSAL DECIMAL CLASSIFICATION NUMBER |
| Universal Decimal Classification number |
657 |
| 100 ## - MAIN ENTRY--PERSONAL NAME |
| Personal name |
Atrill,Peter and Eddie McLaney. |
| 245 ## - TITLE STATEMENT |
| Title |
Accounting and Finance for Nonspecialists |
| 250 ## - EDITION STATEMENT |
| Edition statement |
EIGHTH EDITION. |
| 260 ## - PUBLICATION, DISTRIBUTION, ETC. |
| Place of publication, distribution, etc. |
New York. |
| 260 ## - PUBLICATION, DISTRIBUTION, ETC. |
| Name of publisher, distributor, etc. |
Pearson. |
| 260 ## - PUBLICATION, DISTRIBUTION, ETC. |
| Date of publication, distribution, etc. |
2013. |
| 300 ## - PHYSICAL DESCRIPTION |
| Extent |
563p;ill;24cm. |
| 520 ## - SUMMARY, ETC. |
| Summary, etc. |
შემოსულია ტემპუსის პროექტით. |
| 653 ## - INDEX TERM--UNCONTROLLED |
| Uncontrolled term |
Accounting and Finance for Nonspecialists |
| 653 ## - INDEX TERM--UNCONTROLLED |
| Uncontrolled term |
ტემპუსის პროექტით |
| 942 ## - ADDED ENTRY ELEMENTS (KOHA) |
| Koha item type |
წიგნი |